| 000 | 00675nam a2200205 i 4500 | ||
|---|---|---|---|
| 001 | 76187 | ||
| 003 | ES-MaACL | ||
| 005 | 20250807082102.0 | ||
| 007 | t| | ||
| 008 | 040929s1947 sp ||||1| spa d | ||
| 080 | _a343.541.3 | ||
| 100 | 1 |
_aGubern Salisachs, Santiago. _960380 |
|
| 245 | 1 | 3 |
_aLa ruptura de promesa matrimonial y la seducción de la mujer ante el derecho y la ley / _cSantiago Gubern Salisachs. |
| 260 |
_aBarcelona : _bBosch, _c[1947] ( _fClarasó) |
||
| 300 |
_a186 p. ; _c23 cm. |
||
| 650 | 7 |
_aMatrimonio (Derecho) _2embne _9144371 |
|
| 650 | 4 |
_aMujeres- _vEstatuto jurídico. _9163791 |
|
| 852 | 4 |
_aES-MaACL _jC-5487 |
|
| 999 |
_c76187 _d76187 |
||